000 00659nam a22002417a 4500
003 UA-OsUOA
001 29743
007 ta
008 20041026b un ||||| |||| 00| 0 ukr d
090 _a82.09(477)
_bД65
942 _cBK
040 _aUA-OsUOA
_bukr
_cUA-OsUOA
_dUA-OsUOA
245 _aДоля
_bКнига про Тараса Шевченка в образах та фактах
_cУпоряд. В. О.Шевчук
300 _a779 с.
_bІлюстрації
955 _a0
041 _aukr
080 _a82.09(477)
020 _a5-308-00567-2
260 _aКиїв
_bДніпро
_c1993
044 _aUA
650 7 _2UDC
999 _c316140
_d316140